000 00765nam a22002297a 4500
005 20240530110859.0
008 220126b2008 ua g 000 0 ara d
017 _a2008/14726
_bمصر. دار الكتب
020 _a9771442953
040 _aEG-CaGPL
_cEG-CaGPL
082 0 4 _221
_a810.80355/
_bس أ
100 0 _aسعيد اللاوندى
245 1 0 _aاوجاع مصرية /
_cسعيد اللاوندى
250 _aط1
260 _aالقاهرة :
_bنهضة مصر للطباعة والنشر والتوزيع،
_c2008.
300 _a279 ص. ؛
_c19 سم.
650 0 7 _2qrmak
_aالادب العربى
650 0 7 _2qrmak
_aالمقالات الادبية
651 _2qrmak
942 _2ddc
_cBK
999 _c66095
_d66095